[Event "Midland Ch Forrest Cup"]
[Site "Derby"]
[Date "1995.03.26"]
[Round "5"]
[White "Chue, Kah-Loong"]
[Black "Jackson, Oliver A"]
[Result "1-0"]
[WhiteElo "2288"]
[BlackElo "2128"]
[PlyCount "113"]
[EventDate "1995.03.24"]
[EventType "swiss"]
[EventRounds "6"]
[EventCountry "ENG"]
[SourceTitle "BritBase"]
[Source "John Saunders"]
[SourceDate "2022.11.28"]
[SourceVersion "1"]
[SourceVersionDate "2022.08.23"]
[SourceQuality "1"]

1. f4 e5 2. fxe5 d6 3. Nf3 dxe5 4. Nc3 Nc6 5. e3 Nf6 6. Bb5 Bg4 7. h3 Bh5 8. g4
Bg6 9. Bxc6+ bxc6 10. Nxe5 Nd7 11. Nxg6 hxg6 12. Qf3 Ne5 13. Qe4 Bd6 14. d4 f5
15. gxf5 Rh4 16. Qg2 Nf7 17. fxg6 Ng5 18. Bd2 Kd7 19. O-O-O Qe7 20. Be1 Rhh8
21. h4 Ne6 22. Ne4 Rab8 23. Nxd6 cxd6 24. d5 Nc5 25. dxc6+ Kc7 26. Ba5+ Rb6 27.
Bxb6+ Kxb6 28. Qg3 Qe6 29. Kb1 Ne4 30. Qe1 Kxc6 31. h5 Rb8 32. Rd3 Rb5 33. h6
gxh6 34. Rxh6 Qf6 35. Rb3 Rf5 36. Rh1 Qxg6 37. Ra3 Rc5 38. Qe2 a5 39. Qa6+ Kd7
40. Qb7+ Ke6 41. Qh7 Nd2+ 42. Ka1 Qxh7 43. Rxh7 Rxc2 44. Rh6+ Kd7 45. Rc3 Rxc3
46. bxc3 Nc4 47. Rh3 Ke6 48. Kb1 Kf5 49. Kc2 Kg4 50. Rh6 Nxe3+ 51. Kd3 Nf5 52.
Rh8 Ne7 53. Ra8 Nc6 54. Ra6 Ne5+ 55. Kd4 Kf4 56. Rxd6 Nf3+ 57. Kc4 1-0

[Event "Midland Ch Forrest Cup"]
[Site "Derby"]
[Date "1995.03.26"]
[Round "5"]
[White "Duncan, Christopher R"]
[Black "Baker, Chris W"]
[Result "1/2-1/2"]
[WhiteElo "2248"]
[BlackElo "2320"]
[PlyCount "85"]
[EventDate "1995.03.24"]
[EventType "swiss"]
[EventRounds "6"]
[EventCountry "ENG"]
[SourceTitle "BritBase"]
[Source "John Saunders"]
[SourceDate "2022.11.28"]
[SourceVersion "1"]
[SourceVersionDate "2022.08.23"]
[SourceQuality "1"]

1. c4 e5 2. Nc3 Nc6 3. g3 g6 4. Bg2 Bg7 5. Rb1 a5 6. d3 d6 7. e3 Nf6 8. Nge2
O-O 9. O-O Be6 10. Nd5 Qd7 11. b3 Bh3 12. Bb2 Nxd5 13. cxd5 Bxg2 14. Kxg2 Ne7
15. e4 c6 16. dxc6 bxc6 17. d4 f6 18. Qd3 Qe6 19. Rbd1 d5 20. dxe5 fxe5 21. Ba3
Rfd8 22. Nc3 d4 23. Bxe7 Qxe7 24. Na4 Bh6 25. Nb2 Qa3 26. Qc4+ Kh8 27. Nd3 Bg7
28. Rd2 a4 29. b4 Rdc8 30. f4 exf4 31. gxf4 Re8 32. e5 g5 33. fxg5 Bxe5 34.
Nxe5 Rxe5 35. Qxc6 Rxg5+ 36. Kh1 Rag8 37. Qf6+ R5g7 38. Rg2 Qxb4 39. Rxg7 Rxg7
40. Qd8+ Rg8 41. Qf6+ Rg7 42. Qd8+ Rg8 43. Qf6+ 1/2-1/2

[Event "Midland Ch Forrest Cup"]
[Site "Derby"]
[Date "1995.03.26"]
[Round "5"]
[White "Dyce, Andrew"]
[Black "Nohre, Hakan VP"]
[Result "0-1"]
[WhiteElo "1960"]
[BlackElo "2024"]
[PlyCount "112"]
[EventDate "1995.03.24"]
[EventType "swiss"]
[EventRounds "6"]
[EventCountry "ENG"]
[SourceTitle "BritBase"]
[Source "John Saunders"]
[SourceDate "2022.11.28"]
[SourceVersion "1"]
[SourceVersionDate "2022.08.23"]
[SourceQuality "1"]

1. e4 c5 2. Nf3 d6 3. c3 Nf6 4. Be2 g6 5. O-O Bg7 6. Re1 O-O 7. Bf1 Nc6 8. h3
e5 9. d4 cxd4 10. cxd4 Re8 11. d5 Ne7 12. Nc3 Rf8 13. Nd2 Ne8 14. Nc4 f5 15. b3
f4 16. a4 g5 17. Ba3 Rf6 18. Nb5 Ng6 19. Qh5 h6 20. Rac1 Bf8 21. Bb4 Kh7 22.
Ba5 b6 23. Nxa7 bxa5 24. Nc6 Qc7 25. N4xa5 f3 26. Nxe5 Qxa5 27. Nxf3 Kg7 28. e5
dxe5 29. Nxe5 Bf5 30. Nc6 Qxd5 31. Bc4 Qxc6 32. Bb5 Qd6 33. Bxe8 Nf4 34. Qf3
Rd8 35. Qb7+ Kh8 36. Bc6 Re6 37. Red1 Qxd1+ 38. Rxd1 Rxd1+ 39. Kh2 Bd6 40. g3
Nxh3 41. a5 Re7 42. Qa8+ Kg7 43. Bd5 Nxf2 44. Qg8+ Kf6 45. Qh8+ Kg6 46. Bf3 Rd2
47. Qg8+ Rg7 48. Qe8+ Kh7 49. Qb5 Ne4+ 50. Kh1 Nxg3+ 51. Kg1 Re7 52. Bg2 Re1+
53. Bf1 Rxf1+ 54. Qxf1 Nxf1 55. Kxf1 Ra2 56. b4 Bxb4 0-1

[Event "Midland Ch Forrest Cup"]
[Site "Derby"]
[Date "1995.03.26"]
[Round "5"]
[White "Edwards, Simon R"]
[Black "Gill, Jas"]
[Result "1-0"]
[WhiteElo "1856"]
[BlackElo "1656"]
[PlyCount "67"]
[EventDate "1995.03.24"]
[EventType "swiss"]
[EventRounds "6"]
[EventCountry "ENG"]
[SourceTitle "BritBase"]
[Source "John Saunders"]
[SourceDate "2022.11.28"]
[SourceVersion "1"]
[SourceVersionDate "2022.08.23"]
[SourceQuality "1"]

1. e4 c5 2. Nc3 Nc6 3. Nge2 Nf6 4. g3 d5 5. exd5 Nxd5 6. Bg2 e6 7. O-O a6 8.
Nxd5 exd5 9. d4 Be6 10. Re1 Qd7 11. dxc5 Bxc5 12. Nf4 O-O-O 13. Nxe6 fxe6 14.
Bh3 Rde8 15. c3 h5 16. Be3 Bxe3 17. Rxe3 h4 18. Qg4 hxg3 19. hxg3 Rh6 20. Rd1
b5 21. Bg2 Ne7 22. Qxg7 Nf5 23. Qxd7+ Kxd7 24. Ree1 Kd6 25. Bxd5 Kc5 26. Bg2
Rf8 27. Re5+ Kb6 28. Rd7 Re8 29. Be4 Ne7 30. Rd6+ Kc7 31. Rdxe6 Rxe6 32. Rxe6
Kd7 33. Rxa6 Ng8 34. Bc6+ 1-0

[Event "Midland Ch Forrest Cup"]
[Site "Derby"]
[Date "1995.03.26"]
[Round "5"]
[White "Gamble, Raymond J"]
[Black "Sagall, Roy"]
[Result "1/2-1/2"]
[WhiteElo "2016"]
[BlackElo "2104"]
[PlyCount "125"]
[EventDate "1995.03.24"]
[EventType "swiss"]
[EventRounds "6"]
[EventCountry "ENG"]
[SourceTitle "BritBase"]
[Source "John Saunders"]
[SourceDate "2022.11.28"]
[SourceVersion "1"]
[SourceVersionDate "2022.08.23"]
[SourceQuality "1"]

1. d4 d5 2. Nf3 Nf6 3. e3 Bg4 4. Be2 e6 5. Nbd2 Bd6 6. h3 Bh5 7. b3 Nbd7 8. Bb2
O-O 9. O-O c6 10. Ne5 Bxe2 11. Qxe2 Qc7 12. f4 c5 13. Rac1 Rad8 14. c4 Qb6 15.
Nd3 Be7 16. Rc2 cxd4 17. exd4 dxc4 18. bxc4 Rfe8 19. Rb1 Qa6 20. Bc3 Nb6 21.
Ne5 Nfd5 22. Qf3 Nxc3 23. Qxc3 Rc8 24. Qb3 Rc7 25. Qb5 Qxb5 26. Rxb5 Nc8 27. c5
Nd6 28. Rb4 Nf5 29. Rcb2 Nxd4 30. Rxb7 Rxb7 31. Rxb7 Bxc5 32. Kf1 Nf5 33. Nxf7
Re7 34. Rxe7 Nxe7 35. Ng5 Be3 36. Nde4 Bxf4 37. Nxe6 Be5 38. Ke2 h6 39. Kf3 Kf7
40. N6c5 Nc6 41. Kg4 Nd4 42. h4 Nc6 43. a4 Ne7 44. h5 Bc7 45. Kf3 Nd5 46. Kg4
Nf6+ 47. Nxf6 Kxf6 48. Nd7+ Ke6 49. Nf8+ Kf7 50. Ng6 Kf6 51. Nf8 Bd6 52. Ng6 a5
53. Nh8 Bc7 54. Ng6 Ke6 55. Nf8+ Kf7 56. Ng6 Ke6 57. Nf8+ Kd5 58. Kf5 Bb6 59.
Ne6 Kc4 60. Kg6 Kb3 61. Nxg7 Be3 62. Nf5 Bd2 63. Nd4+ 1/2-1/2

[Event "Midland Ch Forrest Cup"]
[Site "Derby"]
[Date "1995.03.26"]
[Round "5"]
[White "Hibbard, Carl P"]
[Black "Gilmore, Simon N"]
[Result "1/2-1/2"]
[WhiteElo "1912"]
[BlackElo "1912"]
[PlyCount "48"]
[EventDate "1995.03.24"]
[EventType "swiss"]
[EventRounds "6"]
[EventCountry "ENG"]
[SourceTitle "BritBase"]
[Source "John Saunders"]
[SourceDate "2022.11.28"]
[SourceVersion "1"]
[SourceVersionDate "2022.08.23"]
[SourceQuality "1"]

1. d4 Nf6 2. Nf3 g6 3. Bg5 d5 4. Nbd2 Bg7 5. e3 c5 6. c3 O-O 7. Bd3 Nc6 8. O-O
b6 9. Qa4 Bd7 10. Qa3 Rc8 11. Ba6 Rc7 12. Bf4 e5 13. Nxe5 Nh5 14. Nxd7 Rxd7 15.
dxc5 Nxf4 16. exf4 d4 17. Nf3 dxc3 18. bxc3 Qf6 19. Bb5 Rd5 20. Bxc6 Qxc6 21.
cxb6 axb6 22. Rac1 Ra8 23. Qb3 Rb5 24. Qc2 Qc4 1/2-1/2

[Event "Midland Ch Forrest Cup"]
[Site "Derby"]
[Date "1995.03.26"]
[Round "5"]
[White "Kirby, Peter J"]
[Black "Wagenbach, Janos J"]
[Result "1-0"]
[WhiteElo "1448"]
[BlackElo "1784"]
[PlyCount "75"]
[EventDate "1995.03.24"]
[EventType "swiss"]
[EventRounds "6"]
[EventCountry "ENG"]
[SourceTitle "BritBase"]
[Source "John Saunders"]
[SourceDate "2022.11.28"]
[SourceVersion "1"]
[SourceVersionDate "2022.08.23"]
[SourceQuality "1"]

1. d4 Nf6 2. c4 e6 3. Nf3 Bb4+ 4. Bd2 Qe7 5. Nc3 c5 6. e3 Bxc3 7. Bxc3 Ne4 8.
Qc2 d5 9. dxc5 Nd7 10. cxd5 exd5 11. b4 O-O 12. Bd3 Ndf6 13. O-O Bg4 14. Bxf6
Nxf6 15. Nd4 Rac8 16. a3 h6 17. Be2 Bd7 18. Bb5 Bg4 19. h3 a6 20. hxg4 axb5 21.
Qe2 Qd7 22. Qxb5 Qxg4 23. Qe2 Qh4 24. Qf3 Ng4 25. Qh3 Qg5 26. Nf3 Qg6 27. Nh4
Qe6 28. Nf3 f5 29. Nd4 Qd7 30. Qf3 g5 31. Rad1 f4 32. exf4 Rxf4 33. Qd3 Ne5 34.
Qb5 $2 (34. Qb3 $18) 34... Qg4 $2 (34... Nf3+ 35. gxf3 Rg4+ $11) 35. Qxb7 $2 (
35. f3 $18) 35... Rxd4 36. Rxd4 $2 (36. Qxc8+ Qxc8 37. Rxd4 $11) 36... Nf3+ 37.
Kh1 Qh4+ $4 (37... Qh5+) 38. Rxh4 1-0

[Event "Midland Ch Forrest Cup"]
[Site "Derby"]
[Date "1995.03.26"]
[Round "5"]
[White "Ledger, Andrew J"]
[Black "Barnes, Michael H"]
[Result "1-0"]
[WhiteElo "2336"]
[BlackElo "2208"]
[PlyCount "83"]
[EventDate "1995.03.24"]
[EventType "swiss"]
[EventRounds "6"]
[EventCountry "ENG"]
[SourceTitle "BritBase"]
[Source "John Saunders"]
[SourceDate "2022.11.28"]
[SourceVersion "1"]
[SourceVersionDate "2022.08.23"]
[SourceQuality "1"]

1. c4 g6 2. Nc3 Bg7 3. g3 e5 4. Bg2 Ne7 5. e3 O-O 6. Nge2 d6 7. O-O c6 8. d4
Qc7 9. b3 a5 10. Ba3 exd4 11. Nxd4 Na6 12. Qd2 Rd8 13. Rad1 Nb4 14. Bb2 Bg4 15.
f3 Be6 16. a3 Na6 17. Ne4 d5 18. Nxe6 fxe6 19. Bxg7 dxe4 20. Qc3 Nd5 21. cxd5
Qxg7 22. Qxg7+ Kxg7 23. fxe4 e5 24. Rc1 Rac8 25. Rfd1 Rc7 26. Bf3 Kf6 27. Rc4
Rd6 28. Rdc1 Ke7 29. Be2 Nb8 30. Rc5 b6 31. R5c2 Nd7 32. Bb5 Nc5 33. Bxc6 Nxe4
34. Rc4 Nd2 35. R4c3 Ne4 36. Rd3 Nc5 37. Rdd1 Nxb3 38. Rb1 a4 39. Bxa4 Nc5 40.
Bc6 Ra7 41. a4 Ra6 42. Rb4 1-0

[Event "Midland Ch Forrest Cup"]
[Site "Derby"]
[Date "1995.03.26"]
[Round "5"]
[White "Phillips, Alan"]
[Black "Ledger, Stephen C"]
[Result "0-1"]
[WhiteElo "2016"]
[BlackElo "2144"]
[PlyCount "58"]
[EventDate "1995.03.24"]
[EventType "swiss"]
[EventRounds "6"]
[EventCountry "ENG"]
[SourceTitle "BritBase"]
[Source "John Saunders"]
[SourceDate "2022.11.28"]
[SourceVersion "1"]
[SourceVersionDate "2022.08.23"]
[SourceQuality "1"]

1. e4 c5 2. Nf3 Nc6 3. Bb5 g6 4. O-O Bg7 5. c3 d5 6. Qa4 Qd6 7. d4 cxd4 8. e5
Qc7 9. Bf4 e6 10. cxd4 Nge7 11. Nc3 Bd7 12. Qa3 O-O 13. Bg5 Rfe8 14. Rac1 a6
15. Bxe7 axb5 16. Nxb5 Qa5 17. Qxa5 Rxa5 18. b4 Rxb5 19. a4 Nxe7 20. axb5 Bxb5
21. Rfe1 Nc6 22. Rc5 Bc4 23. b5 Na5 24. b6 Nc6 25. Ra1 Bf8 26. Rxc6 bxc6 27.
Ra7 h6 28. Nd2 Rb8 29. b7 Kg7 0-1

[Event "Midland Ch Forrest Cup"]
[Site "Derby"]
[Date "1995.03.26"]
[Round "5"]
[White "Preston, William"]
[Black "Toscano, John"]
[Result "0-1"]
[WhiteElo "1248"]
[BlackElo "1936"]
[PlyCount "90"]
[EventDate "1995.03.24"]
[EventType "swiss"]
[EventRounds "6"]
[EventCountry "ENG"]
[SourceTitle "BritBase"]
[Source "John Saunders"]
[SourceDate "2022.11.28"]
[SourceVersion "1"]
[SourceVersionDate "2022.08.23"]
[SourceQuality "1"]

1. Nh3 d5 2. g3 Nf6 3. Na3 Bf5 4. c4 e6 5. Qa4+ Qd7 6. Nb5 Na6 7. Nf4 Be7 8. h3
O-O 9. g4 Nc5 10. Qd1 Bg6 11. e3 dxc4 12. Bxc4 Nd3+ 13. Bxd3 Bxd3 14. Nd4 Ba6
15. g5 Nd5 16. Nh5 Nb4 17. Nf4 e5 18. a3 exf4 19. axb4 Bxb4 20. Rxa6 bxa6 21.
O-O Qxh3 22. Qf3 Qxf3 23. Nxf3 Bd6 24. d4 fxe3 25. fxe3 Rfe8 26. Kg2 Rab8 27.
Rd1 Re4 28. Kh3 g6 29. Rd3 Rbe8 30. b3 Kg7 31. Ne1 h6 32. gxh6+ Kxh6 33. Ng2
Kg7 34. Nf4 Rh8+ 35. Kg2 Bxf4 36. exf4 Re2+ 37. Kf3 Rc2 38. Be3 f5 39. Kg3 Re8
40. d5 Re4 41. Bxa7 Kf7 42. d6 cxd6 43. Rxd6 Rc3+ 44. Kh4 Rxf4+ 45. Kg5 Rg4+
0-1

[Event "Midland Ch Forrest Cup"]
[Site "Derby"]
[Date "1995.03.26"]
[Round "5"]
[White "Rayner, Francis"]
[Black "Arkell, Keith C"]
[Result "0-1"]
[WhiteElo "2152"]
[BlackElo "2488"]
[PlyCount "114"]
[EventDate "1995.03.24"]
[EventType "swiss"]
[EventRounds "6"]
[EventCountry "ENG"]
[SourceTitle "BritBase"]
[Source "John Saunders"]
[SourceDate "2022.11.28"]
[SourceVersion "1"]
[SourceVersionDate "2022.08.23"]
[SourceQuality "1"]

1. c4 c5 2. Nf3 Nf6 3. Nc3 Nc6 4. d4 cxd4 5. Nxd4 e6 6. g3 Bc5 7. Nb3 Be7 8.
Bg2 b6 9. O-O Ba6 10. Nb5 O-O 11. Bf4 e5 12. Bg5 h6 13. Bxf6 Bxf6 14. Qd3 Rc8
15. Nd6 Rc7 16. Nd2 e4 17. N2xe4 Bxb2 18. Rab1 Be5 19. Nb5 Rc8 20. Ned6 Rb8 21.
Rfd1 Na5 22. Qd5 Qe7 23. e3 Bxd6 24. Nxd6 Qe6 25. Rbc1 Rfd8 26. Qh5 Bb7 27. e4
Ba8 28. Bh3 Qf6 29. Bg2 Qe6 30. Bh3 Qe7 31. Qg4 Nb7 32. Nf5 Qg5 33. Qe2 d6 34.
f4 Qf6 35. Ne3 Nc5 36. Nd5 Bxd5 37. cxd5 Re8 38. Bg2 Rb7 39. Qc4 Rbe7 40. Re1
g5 41. fxg5 hxg5 42. Rf1 Qg6 43. Rf5 Nxe4 44. Rcf1 Nd2 45. Qg4 Re5 46. Rf6 Qd3
47. Qh5 R8e7 48. Rxf7 Nxf1 49. Rxf1 Kg7 50. Qg4 Qe3+ 51. Kh1 Rf7 52. Rxf7+ Kxf7
53. Qd7+ Re7 54. Qf5+ Kg7 55. h4 Qxg3 56. hxg5 Qe1+ 57. Kh2 Qe5+ 0-1

[Event "Midland Ch Forrest Cup"]
[Site "Derby"]
[Date "1995.03.26"]
[Round "5"]
[White "Southall, Andrew C"]
[Black "James, Russell A"]
[Result "1-0"]
[WhiteElo "2216"]
[BlackElo "2136"]
[PlyCount "89"]
[EventDate "1995.03.24"]
[EventType "swiss"]
[EventRounds "6"]
[EventCountry "ENG"]
[SourceTitle "BritBase"]
[Source "John Saunders"]
[SourceDate "2022.11.28"]
[SourceVersion "1"]
[SourceVersionDate "2022.08.23"]
[SourceQuality "1"]

1. e4 e6 2. d4 d5 3. Nc3 Nf6 4. Bg5 Bb4 5. e5 h6 6. Bd2 Bxc3 7. bxc3 Ne4 8. Qg4
Kf8 9. h4 c5 10. Bd3 Nxd2 11. Kxd2 Nc6 12. Rh3 Rg8 13. Rf3 cxd4 14. cxd4 Qe7
15. Ne2 f5 16. exf6 gxf6 17. Qf4 f5 18. Qxh6+ Qg7 19. Qxg7+ Rxg7 20. Rg1 Ke7
21. Bb5 Bd7 22. Bxc6 bxc6 23. g3 Kd6 24. Rb3 c5 25. dxc5+ Kxc5 26. Rgb1 Bc6 27.
Rc3+ Kd6 28. Nd4 Rc7 29. Re1 Re8 30. Nxf5+ Kd7 31. Nd4 e5 32. Nxc6 Rxc6 33.
Rxc6 Kxc6 34. h5 Kd6 35. h6 Rh8 36. Rh1 Rh7 37. Rh5 Ke6 38. Kd3 a6 39. c4 dxc4+
40. Kxc4 Kd6 41. Kd3 Ke6 42. Ke4 Kf6 43. g4 a5 44. a3 Rc7 45. h7 1-0

[Event "Midland Ch Forrest Cup"]
[Site "Derby"]
[Date "1995.03.26"]
[Round "6"]
[White "Arkell, Keith C"]
[Black "Nohre, Hakan VP"]
[Result "1-0"]
[WhiteElo "2488"]
[BlackElo "2024"]
[PlyCount "91"]
[EventDate "1995.03.24"]
[EventType "swiss"]
[EventRounds "6"]
[EventCountry "ENG"]
[SourceTitle "BritBase"]
[Source "John Saunders"]
[SourceDate "2022.11.28"]
[SourceVersion "1"]
[SourceVersionDate "2022.08.23"]
[SourceQuality "1"]

1. d4 d5 2. c4 c6 3. Nf3 Nf6 4. Nc3 dxc4 5. a4 Bf5 6. Nh4 e6 7. Nxf5 exf5 8. e3
Bb4 9. Bxc4 O-O 10. O-O Nbd7 11. Bd2 a5 12. Qf3 g6 13. Rfd1 Nb6 14. Bb3 Qe7 15.
Rac1 Rad8 16. h3 h5 17. Na2 Bxd2 18. Rxd2 Kg7 19. Rdc2 Ne4 20. Qe2 Nd5 21. Qe1
Qc7 22. Bxd5 Rxd5 23. Nc3 Nxc3 24. bxc3 Re8 25. Rb1 f4 26. e4 f3 27. Qe3 fxg2
28. Rcb2 Rd7 29. f4 c5 30. Rc1 Qc6 31. e5 Qxa4 32. Rd2 cxd4 33. cxd4 Red8 34.
Rcd1 Qc6 35. f5 a4 36. e6 fxe6 37. fxe6 Rd5 38. Rf2 Rf8 39. Rxf8 Kxf8 40. Qh6+
Ke7 41. Qg7+ Kxe6 42. Re1+ Kf5 43. Re5+ Kf4 44. Qf7+ Kg3 45. Re3+ Kh4 46. Qf4#
1-0

[Event "Midland Ch Forrest Cup"]
[Site "Derby"]
[Date "1995.03.26"]
[Round "6"]
[White "Baker, Chris W"]
[Black "Ledger, Andrew J"]
[Result "0-1"]
[WhiteElo "2320"]
[BlackElo "2336"]
[PlyCount "50"]
[EventDate "1995.03.24"]
[EventType "swiss"]
[EventRounds "6"]
[EventCountry "ENG"]
[SourceTitle "BritBase"]
[Source "John Saunders"]
[SourceDate "2022.11.28"]
[SourceVersion "1"]
[SourceVersionDate "2022.08.23"]
[SourceQuality "1"]

1. d4 Nf6 2. Bg5 d5 3. Bxf6 gxf6 4. e3 Bf5 5. c4 c6 6. Nc3 e6 7. Nge2 Nd7 8.
Ng3 Bg6 9. Be2 Bd6 10. Qb3 Rb8 11. cxd5 cxd5 12. Nb5 Qa5+ 13. Kf1 Bxg3 14. hxg3
O-O 15. Bd3 Rfc8 16. Bxg6 hxg6 17. Ke2 Rc4 18. Na3 Rb4 19. Qc3 e5 20. Rh4 g5
21. Rg4 Nb6 22. Rc1 Na4 23. Qc7 Rxb2+ 24. Kf1 Qd2 25. Qxb8+ Kh7 0-1

[Event "Midland Ch Forrest Cup"]
[Site "Derby"]
[Date "1995.03.26"]
[Round "6"]
[White "Barnes, Michael H"]
[Black "Gamble, Raymond J"]
[Result "1-0"]
[WhiteElo "2208"]
[BlackElo "2016"]
[PlyCount "49"]
[EventDate "1995.03.24"]
[EventType "swiss"]
[EventRounds "6"]
[EventCountry "ENG"]
[SourceTitle "BritBase"]
[Source "John Saunders"]
[SourceDate "2022.11.28"]
[SourceVersion "1"]
[SourceVersionDate "2022.08.23"]
[SourceQuality "1"]

1. e4 e6 2. d4 d5 3. e5 c5 4. Nf3 cxd4 5. Bd3 Nc6 6. O-O Bc5 7. Nbd2 Nge7 8.
Nb3 Bb6 9. Bf4 Bd7 10. Re1 a5 11. a3 a4 12. Nc1 Na7 13. Ne2 Bb5 14. Nexd4 Bxd3
15. Qxd3 Nec6 16. Ne2 Qd7 17. Rad1 Na5 18. Nd2 Rc8 19. Ne4 Bc7 20. Qg3 Kf8 21.
Nf6 gxf6 22. exf6 Qc6 23. Nd4 Bxf4 24. Qg7+ Ke8 25. Rxe6+ 1-0

[Event "Midland Ch Forrest Cup"]
[Site "Derby"]
[Date "1995.03.26"]
[Round "6"]
[White "Cooper, David M"]
[Black "Phillips, Alan"]
[Result "0-1"]
[WhiteElo "1888"]
[BlackElo "2016"]
[PlyCount "70"]
[EventDate "1995.03.24"]
[EventType "swiss"]
[EventRounds "6"]
[EventCountry "ENG"]
[SourceTitle "BritBase"]
[Source "John Saunders"]
[SourceDate "2022.11.28"]
[SourceVersion "1"]
[SourceVersionDate "2022.08.23"]
[SourceQuality "1"]

1. d4 Nf6 2. Nf3 b6 3. Bg5 Ne4 4. Bf4 Bb7 5. Nbd2 f5 6. e3 e6 7. Nxe4 fxe4 8.
Ne5 Qf6 9. h4 Be7 10. Qh5+ g6 11. Qg4 d6 12. Nc4 Nd7 13. O-O-O O-O-O 14. Nd2
Qf5 15. Qxf5 exf5 16. Bc4 Nf6 17. Bg5 Kb8 18. Bxf6 Bxf6 19. g3 c5 20. c3 cxd4
21. cxd4 Rc8 22. Kb1 d5 23. Be2 Rc7 24. Rc1 Rhc8 25. Rxc7 Rxc7 26. Rc1 Re7 27.
b3 f4 28. Nf1 fxg3 29. fxg3 Rf7 30. Bg4 Be7 31. Be2 Ba3 32. Rc2 Rf2 33. Bd3 Rf8
34. Be2 Bc8 35. g4 Bxg4 0-1

[Event "Midland Ch Forrest Cup"]
[Site "Derby"]
[Date "1995.03.26"]
[Round "6"]
[White "Duncan, Christopher R"]
[Black "Southall, Andrew C"]
[Result "1-0"]
[WhiteElo "2248"]
[BlackElo "2216"]
[PlyCount "113"]
[EventDate "1995.03.24"]
[EventType "swiss"]
[EventRounds "6"]
[EventCountry "ENG"]
[SourceTitle "BritBase"]
[Source "John Saunders"]
[SourceDate "2022.11.28"]
[SourceVersion "1"]
[SourceVersionDate "2022.08.23"]
[SourceQuality "1"]

1. c4 e5 2. Nc3 Nc6 3. g3 g6 4. Bg2 Bg7 5. Rb1 d6 6. b4 f5 7. d3 Nf6 8. e3 Ne7
9. Nge2 O-O 10. O-O c6 11. b5 Bd7 12. f4 Kh8 13. a4 Nh5 14. Ba3 Be8 15. Qd2 Rb8
16. c5 d5 17. fxe5 Bxe5 18. Nf4 Nxf4 19. gxf4 Bg7 20. Ne2 Ng8 21. Bb2 Nf6 22.
Be5 Rc8 23. Nd4 Qd7 24. bxc6 bxc6 25. Rb3 Nh5 26. Nf3 Bxe5 27. Nxe5 Qg7 28. Qb2
Nf6 29. Rb7 Rc7 30. Rxc7 Qxc7 31. Rb1 Kg8 32. Qb7 Qa5 33. Nxc6 Qxc5 34. Nd4 Bf7
35. Qb4 Qc8 36. h3 Qa6 37. Qb5 Qd6 38. Qb4 Qa6 39. Qb5 Qd6 40. Kf2 Re8 41. Qb4
Qa6 42. Rb3 Nh5 43. Rc3 Qf6 44. Nf3 d4 45. Qxd4 Qe6 46. Rc2 Qb3 47. Rb2 Qa3 48.
Ne5 Be6 49. Bd5 Ng7 50. Rb7 Rd8 51. Rxg7+ Kxg7 52. Nc4+ Kh6 53. Nxa3 Rxd5 54.
Qc3 Rd7 55. Nc4 Rb7 56. Nd6 Rb3 57. Qc6 {"White won eventually" (bulletin)} 1-0

[Event "Midland Ch Forrest Cup"]
[Site "Derby"]
[Date "1995.03.26"]
[Round "6"]
[White "Dyce, Andrew"]
[Black "Rayner, Francis"]
[Result "0-1"]
[WhiteElo "1960"]
[BlackElo "2152"]
[PlyCount "56"]
[EventDate "1995.03.24"]
[EventType "swiss"]
[EventRounds "6"]
[EventCountry "ENG"]
[SourceTitle "BritBase"]
[Source "John Saunders"]
[SourceDate "2022.11.28"]
[SourceVersion "1"]
[SourceVersionDate "2022.08.23"]
[SourceQuality "1"]

1. e4 e5 2. Nf3 Nc6 3. Bb5 a6 4. Bxc6 dxc6 5. O-O Bg4 6. h3 h5 7. d3 Qf6 8.
Nbd2 Bc5 9. Qe2 Ne7 10. Re1 Ng6 11. d4 Bxd4 12. hxg4 hxg4 13. g3 Nf4 14. Qf1
Nh3+ 15. Kg2 gxf3+ 16. Nxf3 Bxf2 17. Re2 Bxg3 18. Kxg3 Qg6+ 19. Ng5 Nxg5 20.
Bxg5 Qxg5+ 21. Kf2 O-O-O 22. Qg2 Qf4+ 23. Kg1 Rd6 24. Rf1 Qh6 25. Rf3 Rg6 26.
Rg3 Rxg3 27. Qxg3 Qh1+ 28. Kf2 Rh2+ 0-1

[Event "Midland Ch Forrest Cup"]
[Site "Derby"]
[Date "1995.03.26"]
[Round "6"]
[White "Gill, Jas"]
[Black "Wagenbach, Janos J"]
[Result "1-0"]
[WhiteElo "1656"]
[BlackElo "1784"]
[PlyCount "21"]
[EventDate "1995.03.24"]
[EventType "swiss"]
[EventRounds "6"]
[EventCountry "ENG"]
[SourceTitle "BritBase"]
[Source "John Saunders"]
[SourceDate "2022.11.28"]
[SourceVersion "1"]
[SourceVersionDate "2022.08.23"]
[SourceQuality "1"]

1. e4 e5 2. Nf3 Nc6 3. Bc4 Bc5 4. b4 Bxb4 5. c3 Be7 6. d4 Bf6 7. O-O d6 8. Qb3
Na5 $2 9. Qa4+ Nc6 $2 {"White won after 18 moves, but the scoresheet is
indecipherable after ths point" (bulletin - though three more half-moves are
given)} 10. Nxe5 (10. d5 {wins a piece - JS}) 10... Bxe5 11. dxe5 1-0

[Event "Midland Ch Forrest Cup"]
[Site "Derby"]
[Date "1995.03.26"]
[Round "6"]
[White "Gilmore, Simon N"]
[Black "Barton, R Alan"]
[Result "1-0"]
[WhiteElo "1912"]
[BlackElo "2024"]
[PlyCount "145"]
[EventDate "1995.03.24"]
[EventType "swiss"]
[EventRounds "6"]
[EventCountry "ENG"]
[SourceTitle "BritBase"]
[Source "John Saunders"]
[SourceDate "2022.11.28"]
[SourceVersion "1"]
[SourceVersionDate "2022.08.23"]
[SourceQuality "1"]

1. e4 d6 2. d4 Nf6 3. Nc3 c6 4. f4 Bg4 5. Nf3 e6 6. Be2 Nbd7 7. O-O Be7 8. h3
Bxf3 9. Bxf3 O-O 10. Be3 a5 11. Qd2 a4 12. a3 Nb6 13. b3 d5 14. e5 Nfd7 15. b4
Nc4 16. Qd3 Qc7 17. Ne2 f5 18. g4 g6 19. Kh1 Kh8 20. Rg1 Rg8 21. Rg2 Rg7 22.
Rag1 Rag8 23. Bc1 Nf8 24. Ng3 Bd8 25. Nf1 Qe7 26. Ne3 Qh4 27. Kh2 Nxe3 28. Bxe3
fxg4 29. Rxg4 Qe7 30. c4 Qf7 31. cxd5 cxd5 32. Bd1 Qe8 33. b5 Nd7 34. Bxa4 Nb6
35. Bb3 Rc7 36. Rc1 Qe7 37. Rxc7 Bxc7 38. Bc1 Rc8 39. Bb2 Bd8 40. Rg2 Qh4 41.
Qg3 Qxg3+ 42. Kxg3 Kg7 43. Rc2 Rxc2 44. Bxc2 Nc4 45. Bc1 Bb6 46. Bd3 Na5 47.
Bb2 Nb3 48. a4 Ba5 49. Kf3 Kh6 50. Bc2 Nd2+ 51. Ke2 Nc4 52. Bc1 Kh5 53. Bb3 Kh4
54. Bxc4 dxc4 55. d5 exd5 56. e6 Bb4 57. a5 d4 58. Bd2 c3 59. Bxc3 dxc3 60. Kd3
Kxh3 61. a6 bxa6 62. bxa6 c2 63. Kxc2 Bc5 64. a7 Bxa7 65. e7 Be3 66. e8=Q Bxf4
67. Qf7 g5 68. Qxh7+ Kg3 69. Kd1 g4 70. Ke2 Kg2 71. Qh4 g3 72. Qxf4 Kh1 73. Kf3
1-0